00509nam a2200169Ia 4500008004100000020001800041041000800059082002100067100002000088245002700108260003900135300000800174365001300182942001200195999001900207952011300226140306s9999 xx 000 0 und d a9788131725641 aeng a658.3125bHER/PE aHerman, Aguinis aPerformance Management aNew DelhibPearson Educationc2010 a296 bRs.299/- 2ddccBK c187620d187620 00102ddc4070aKAUCBVbKAUCBVd2010-06-09g299.00l0o658.3125 HER/PEr2014-03-22 00:00:00w2014-03-22yBK